Länder mit der gleichen Bevölkerung wie US Bundesstaaten - Statistiken

Allgemein
  • Dieses Quiz wurde 90 mal gespielt
  • Das Durchschnittsergebnis liegt bei 39 aus 50
Antworten auf der Karte
Die Antworten werden auf der Karte rot bzw. grün angezeigt, abhängig davon wie oft sie richtig erraten wurden.
 
Antwortstatistiken
Flag Map Bundesstaat Land % Korrekt
MN Minnesota Finnland
100%
MT Montana Zypern
100%
WI Wisconsin Dänemark
99%
SC South Carolina Norwegen
99%
VA Virginia Schweiz
98%
CA Kalifornien Irak
96%
ME Maine Estland
95%
AL Alabama Irland
94%
KS Kansas Katar
94%
OK Oklahoma Georgien
93%
NM New Mexico Nordmazedonien
93%
UT Utah Uruguay
93%
IN Indiana Libanon
92%
MS Mississippi Jamaika
90%
VT Vermont Luxemburg
89%
NY New York Rumänien
88%
NC North Carolina Tschechien
88%
ID Idaho Lettland
87%
NV Nevada Bosnien und Herzegowina
86%
TN Tennessee Bulgarien
86%
ND North Dakota Bhutan
84%
KY Kentucky Panama
84%
FL Florida Sri Lanka
83%
AR Arkansas Armenien
82%
CO Colorado Singapur
81%
MI Michigan Honduras
80%
SD South Dakota Fidschi
78%
AZ Arizona Laos
78%
IA Iowa Mongolei
78%
WV West Virginia Bahrain
77%
MO Missouri El Salvador
75%
TX Texas Jemen
75%
PA Pennsylvania Guinea
73%
GA Georgia Dominikanische Republik
71%
NH New Hampshire Trinidad und Tobago
69%
OH Ohio Bolivien
67%
OR Oregon Kuwait
67%
NE Nebraska Guinea-Bissau
65%
WY Wyoming Suriname
65%
DE Delaware Dschibuti
64%
MA Massachusetts Libyen
63%
WA Washington Sierra Leone
63%
CT Connecticut Eritrea
61%
IL Illinois Ruanda
61%
NJ New Jersey Papua Neu Guinea
60%
MD Maryland Turkmenistan
59%
RI Rhode Island Eswatini
55%
LA Louisiana Mauretanien
52%
AK Alaska Salomonen
42%
HI Hawaii Äquatorialguinea
29%
Keine übereinstimmenden Quizze gefunden
Verteilung der Resultate
Anzahl Personen mit jedem Resultat
Perzentil nach korrekt beantworteten Fragen
Ihre Resultats-Entwicklung
Sie haben dieses Quiz noch nicht gespielt